| Tag |
First Indicator |
Second Indicator |
Subfields |
| LEADER |
00000cam a2200000 i 4500 |
| 001 |
in00000067718 |
| 005 |
20190207093439.0 |
| 008 |
760602s1976 txua b 00010 eng |
| 010 |
|
|
|a 76000281
|
| 020 |
|
|
|c $7.50
|
| 035 |
|
|
|a (OCoLC)02317880
|
| 035 |
|
|
|9 AAG3466AM
|
| 040 |
|
|
|a DLC
|c DLC
|d TXA
|d UtOrBLW
|
| 043 |
|
|
|a n-us-tx
|
| 049 |
|
|
|a TXAM [Also in] [Sp Coll]
|c 1 [974223]
|a TXAS
|c 2 [1700095]
|
| 050 |
0 |
0 |
|a GR110.T5
|b E45
|
| 082 |
0 |
|
|a 398.2/09764
|
| 100 |
1 |
|
|a Emmons, Martha,
|d 1894-
|
| 245 |
1 |
0 |
|a I come runnin' /
|c by Martha Emmons.
|
| 264 |
|
1 |
|a [Waco, Tex.] :
|b Emmons,
|c [1976]
|
| 264 |
|
4 |
|c ©1976
|
| 300 |
|
|
|a xiii, 101 pages :
|b illustrations ;
|c 24 cm.
|
| 336 |
|
|
|a text
|b txt
|2 rdacontent
|
| 337 |
|
|
|a unmediated
|b n
|2 rdamedia
|
| 338 |
|
|
|a volume
|b nc
|2 rdacarrier
|
| 500 |
|
|
|a The Cushing Library/Chapman Texas Collection copy is part of the Floyd & Louise Chapman Texas & Borderlands Collection.
|5 TXA
|
| 504 |
|
|
|a Bibliography: page 101.
|
| 650 |
|
0 |
|a Folklore
|z Texas.
|
| 650 |
|
0 |
|a African Americans
|v Folklore
|z Texas.
|
| 999 |
|
|
|a MARS
|
| 999 |
f |
f |
|s 8c757083-b669-3051-9e80-e68f4a274256
|i 1725c463-926a-3367-807e-53b817e64ac1
|t 0
|
| 952 |
f |
f |
|p noncirc
|a Texas A&M University
|b College Station
|c Cushing Memorial Library & Archives
|d Cushing: Chapman Texas Collection (Does not check out)
|t 0
|e GR110.T5 E45
|h Library of Congress classification
|i unmediated -- volume
|m A14800362857
|
| 952 |
f |
f |
|p normal
|a Texas A&M University
|b College Station
|c Sterling C. Evans Library
|d Evans: Library Stacks
|t 0
|e GR110.T5 E45
|h Library of Congress classification
|i unmediated -- volume
|m A14802442263
|
| 998 |
f |
f |
|a GR110.T5 E45
|t 0
|l Evans: Library Stacks
|
| 998 |
f |
f |
|a GR110.T5 E45
|t 0
|l Cushing: Chapman Texas Collection (Does not check out)
|